Piosenki zespołu Wilki - nagła śmierć - Statystyki

Ogólne statystyki
  • Ten quiz został rozwiązany 153 razy
  • Średni wynik to 6 z 8
Answers on the Grid
Answers color-coded by a green-red scale on the quiz's grid according to % correct below.
Baśka
Miasto budzi się
Policeman
Szklana pogoda
Nie wiele Ci mogę dać
Zabiorę Cię właśnie tam
Urke
Wolność
Bohema
Wszystko czego dziś chcę
Jej piękne ciało
Na zawsze i na wieczność
Nie liczę godzin i lat
Mój przyjacielu
Love story
To co dał nam świat
Kamień z napisem LOVE
Kochana wierzę w miłość
Na krawędzi życia
Życie to są chwile
Słońce pokonał cień
Awinion
Son Of The Blue Sky
Perfect
 
Statystyki odpowiedzi
Odpowiedź % Poprawnych
Baśka
98%
Urke
94%
Bohema
89%
Na zawsze i na wieczność
80%
Son Of The Blue Sky
75%
Love story
67%
Słońce pokonał cień
61%
Na krawędzi życia
60%
Nie znaleziono quizów pasujących do podanych kryteriów
Rozkład punktacji
Procent ludzi z każdym wynikiem
Percentyl według liczby udzielonych odpowiedzi
Twoja historia wyników
Nie rozwiązałeś tego quizu